000 00623nam a2200241 a 4500
001 0001-0781
003 ELIB.Books
008 140825 2010 eng
020 _a039370002X PBK
035 _a(ELIB.Books)0001-0935
092 _a616.89
_bMcG
100 _aMcGoldrick, Monica
245 _aGenograms in Family Assessment
260 _aNew York
_bW. W. Norton & Company Inc.
_c1985
300 _a174
_c23.5 Cm
500 _aDr. Yahalaylayla
650 _aFamily
856 _nKBTS; Library
_uKBTS; Elib.
942 _2ddc
_cBK
990 _a1
998 _cbat
_e2014-08-25
999 _c10781
_d10781